00870nam a2200193 i 4500001000700000003000900007005001700016008004100033080001800074100003100092245021900123260013700342300002900479502004800508504002700556650003600583710003000619852002700649180628ES-MaACL20230906221140.0120619s1976 sp | |||| ||spa d a539.12(043.2)1 aGarcía Roger, Joaquín.10aDeterminación de la estructura del 12C y efectos de la corrección del movimiento del centro de masas b: resumen de tesis presentada para aspirar al grado de Doctor en Física / cpor Joaquín García Roger. aBarcelona : bUniversidad de Barcelona, Secretariado de Publicaciones, Intercambio Científico y Extensión Universitaria, c1976. a19 p. : bil. ; c24 cm. aResumen de tesis­Universidad de Barcelona. aBibliografía: p. 16.04aPartículas (Física nuclear)2 aUniversidad de Barcelona. aES-MaACLjE-15362(167)